| 000 | 00340nam a22001451a 4500 | ||
|---|---|---|---|
| 082 |
_aH7 _bHAR/K |
||
| 100 | _aHarishankar Parsai | ||
| 245 |
_aKaag-bagodha/ _cby Harishankar Parsai |
||
| 260 |
_aNew Delhi: _bVani, _c2001. |
||
| 300 | _a96p. | ||
| 650 | _aSatires Hindi | ||
| 650 | _aLiterature Hindi | ||
| 650 | _aLiterature | ||
| 942 | _cBK | ||
| 999 |
_c22113 _d22113 |
||